00892nam a22002177a 4500001000500000005001700005020001800022040001500040082001100055100002200066245008500088260003000173300003200203505000600235520034200241521002600583521002700609650001300636650001400649650001100663144720230926140916.0 a9781445489872 aFISKHbeng a823.92 aSaracino, Luciano aThe Monster DiariescWritten by Luciano Saracino ; Illustrated by Poly Bernatene aLondon :bParragon,c2012 a30 unnumbered pagesc25 cm. aM a"Special memo from the Federation of Fright: Human children have run out of nightmares. There is a competition to find the Grisliest Ghoul. Top monsters willl study diary entries to determine the most fearsome fiend." Read the diary entries from witches, aliens, yetis, and more and find out who will win the grisliest ghoul competition! a790 bLexile estimate aM bRaz-Plus estimate aMonsters aHalloween aHorror